000
00319nam a22001337a 4500
008
180130b xxu||||| |||| 00| 0 eng d
020
_a
9780750604970
041
_a
eng
080
_a
610
100
_a
6
101
_a
ANE
245
_a
Case Presentations in Anaesthesia & Intensive Care
_c
Power, K.J
942
_2
udc
_c
BK
999
_c
41219
_d
41219